000 01955nam a2200469 i 4500
001 14301
003 KOSZ 005
005 20190926145332.0
008 070620s1969 pl a f 000 0 pol
015 _aPB 1969/7297
035 _a991039262529705066
035 _a(PL-WaBN)b20503180-48omnis_nlop
035 _ab20503180
035 _a(OCoLC)69595113
035 _a(PL)b0000002050318
035 _a(EXLNZ-48OMNIS_NETWORK)9910144575905606
040 _aWA N
_cWA N
_dKOSZ 005/RW
041 0 _apol
_beng
_brus
046 _k1969
080 _a159.95
100 1 _aStrzałecki, Andrzej
_d(1937- ).
_eAutor
245 1 0 _aWybrane zagadnienia psychologii twórczości /
_cAndrzej Strzałecki ; Ministerstwo Oświaty i Szkolnictwa Wyższego. Międzyuczelniany Zakład Badań nad Szkolnictwem Wyższym. Pracownia Zagadnień Kadry Naukowej.
260 _aWarszawa :
_bPaństwowe Wydawnictwo Naukowe,
_c1969.
300 _a190, [2] stron :
_bilustracje, errata ;
_c24 cm.
336 _aTekst
_btxt
_2rdacontent
337 _aBez urządzenia pośredniczącego
_bn
_2rdamedia
338 _aWolumin
_bnc
_2rdacarrier
380 _aKsiążki
388 _a1901-2000
490 1 _aMonografie i Studia / Ministerstwo Oświaty i Szkolnictwa Wyższego. Międzyuczelniany Zakład Badań nad Szkolnictwem Wyższym
504 _aBibliografia na stronach 141-[186].
546 _aStreszczenia w języku angielskim, rosyjskim.
650 7 _aOsobowość
_2DBN
650 7 _aTwórczość
_2DBN
658 _aEdukacja i pedagogika
650 7 _aPsychologia
710 2 _aPaństwowe Wydawnictwo Naukowe
_4pbl.
830 0 _aMonografie i Studia - Ministerstwo Oświaty i Szkolnictwa Wyższego. Międzyuczelniany Zakład Badań nad Szkolnictwem Wyższym
856 _uhttp://koha.tu.koszalin.pl/cgi-bin/koha/opac-detail.pl?biblionumber=14301
_yKatalog online BPK
942 _2UKD
_cKS
999 _c14301
_d14301